| 000 | 00600njm a2200181 i 4500 | ||
|---|---|---|---|
| 001 | C2-0229320 | ||
| 003 | PPAK | ||
| 005 | 20180729152206.0 | ||
| 008 | 000928s1997 my |||| ||||| | may d | ||
| 040 |
_aPPAK _beng _cPPAK _erda |
||
| 245 | 0 | 0 | _aDYMM Tuanku Sultan Kedah |
| 264 | 1 |
_aAlor Setar, Kedah : _bPerbadanan Perpustakaan Awam Kedah , _c1997 |
|
| 336 |
_2rdacontent _atext |
||
| 337 |
_2rdamedia _aunmediated |
||
| 338 |
_2rdacarrier _avolume |
||
| 500 | _aRakaman bersama Dato' Zakiah Hanum dengan Dato' Shaari Haji Daud ; Dirakamkan pada 04/12/1997 ; Mempunyai transkripsi | ||
| 942 |
_ddc _cB |
||
| 999 |
_c163241 _d163241 |
||